000 00566nam a2200229Ia 4500
003 OSt
005 20220918175732.0
006 a|||||r|||| 00| 0
007 ta
008 220917b |||||||| |||| 00| 0 eng d
024 _a18,687
037 _cTextual
040 _aARTS
_cARTS
_beng
041 _2eng
_aeng
082 _aO:1NLE:1, K7
100 _aLerner Arthur
_954769
245 0 _aFollow up
_b more poems
260 _c1967
650 _aENGLISH LITERATURE
942 _hO:1NLE:1, K7
_cTEXL
_2CC
999 _c158788
_d158788